Stream ecology and self-purification : an introduction for wastewater and water specialists / (Record no. 64520)

000 -LEADER
fixed length control field 01052cam a2200277 a 4500
001 - CONTROL NUMBER
control field 1146303
003 - CONTROL NUMBER IDENTIFIER
control field NUST - PNEC
005 - DATE AND TIME OF LATEST TRANSACTION
control field 20170116180848.0
008 - FIXED-LENGTH DATA ELEMENTS--GENERAL INFORMATION
fixed length control field 951212s1996 paua b 001 0 eng
010 ## - LIBRARY OF CONGRESS CONTROL NUMBER
LC control number 95062015
020 ## - INTERNATIONAL STANDARD BOOK NUMBER
International Standard Book Number 1566763770
040 ## - CATALOGING SOURCE
Original cataloging agency DLC
Transcribing agency LIBRARY
Modifying agency DLC
050 00 - LIBRARY OF CONGRESS CALL NUMBER
Classification number TD764
Item number .S64 1996
082 00 - DEWEY DECIMAL CLASSIFICATION NUMBER
Classification number 577.64 SPE
100 1# - MAIN ENTRY--PERSONAL NAME
Personal name Spellman, Frank R.
245 10 - TITLE STATEMENT
Title Stream ecology and self-purification : an introduction for wastewater and water specialists /
Statement of responsibility, etc. Frank R. Spellman.
260 ## - PUBLICATION, DISTRIBUTION, ETC.
Place of publication, distribution, etc. Lancaster, Pa. :
Name of publisher, distributor, etc. Technomic Pub.,
Date of publication, distribution, etc. c1996.
300 ## - PHYSICAL DESCRIPTION
Extent xiii, 133 p. :
Other physical details ill. ;
Dimensions 24 cm.
504 ## - BIBLIOGRAPHY, ETC. NOTE
Bibliography, etc. note Includes bibliographical references (p. 127-129) and index.
650 #0 - SUBJECT ADDED ENTRY--TOPICAL TERM
Topical term or geographic name entry element Stream self-purification.
650 #0 - SUBJECT ADDED ENTRY--TOPICAL TERM
Topical term or geographic name entry element Stream ecology.
General subdivision ME, IME
856 42 - ELECTRONIC LOCATION AND ACCESS
Materials specified Publisher description
Uniform Resource Identifier <a href="http://www.loc.gov/catdir/enhancements/fy0646/95062015-d.html">http://www.loc.gov/catdir/enhancements/fy0646/95062015-d.html</a>
906 ## - LOCAL DATA ELEMENT F, LDF (RLIN)
a 7
b cbc
c orignew
d 2
e opcn
f 19
g y-gencatlg
942 ## - ADDED ENTRY ELEMENTS (KOHA)
Source of classification or shelving scheme
Koha item type Book
Holdings
Withdrawn status Lost status Source of classification or shelving scheme Damaged status Not for loan Permanent Location Current Location Shelving location Date acquired Total Checkouts Full call number Barcode Date last seen Price effective from Koha item type
          Pakistan Navy Engineering College (PNEC) Pakistan Navy Engineering College (PNEC)       577.64 SPE PNECLIB-026982 08/24/2015   Book
© 2023 Central Library, National University of Sciences and Technology. All Rights Reserved.